[Event "Olimpiade 2016 - Donne"]
[Site "Baku"]
[Date "12.09.2016"]
[Round "10.38"]
[Board "4"]
[White "Odinaeva, Saodat"]
[Black "Manova, Ivana"]
[Result "0-1"]
[WhiteElo "1881"]
[BlackElo "1724"]
[WhiteTeam "Tajikistan"]
[BlackTeam "FYROM"]
[WhiteFideId "14700255"]
[BlackFideId "15003590"]
[EventDate "2016.09.02"]

1. Nf3 Nf6 2. d4 c5 3. e3 e6 4. c4 d5 5. Nc3 Nc6 6. Be2 dxc4 7. Bxc4 cxd4 8.
exd4 Be7 9. O-O O-O 10. h3 b6 11. Be3 Bb7 12. a3 Rc8 13. Bd3 Nd5 14. Re1 Na5 15.
Ne4 f5 16. Bd2 fxe4 17. Bxe4 Nc4 18. Ne5 Nxe5 19. dxe5 Bc5 20. Qh5 Bxf2+ 21. Kh1
Qh4 0-1

[Event "Olimpiade 2016 - Donne"]
[Site "Baku"]
[Date "12.09.2016"]
[Round "10.39"]
[Board "1"]
[White "Ptacnikova, Lenka"]
[Black "Tharushi, T H D Niklesha"]
[Result "1-0"]
[WhiteTitle "WGM"]
[WhiteElo "2159"]
[BlackElo "1584"]
[WhiteTeam "Iceland"]
[BlackTeam "Sri Lanka"]
[WhiteFideId "305650"]
[BlackFideId "9918264"]
[EventDate "2016.09.02"]

1. g3 Nf6 2. Bg2 e6 3. Nf3 c5 4. O-O Nc6 5. d3 Be7 6. Nbd2 O-O 7. e4 d5 8. Re1
Qc7 9. c3 Rd8 10. e5 Nd7 11. Qe2 b6 12. Nf1 Ba6 13. h4 d4 14. c4 b5 15. b3 Rab8
16. Bf4 Rb6 17. N1h2 bxc4 18. bxc4 Rdb8 19. Ng4 Nf8 20. Nf6+ Kh8 21. Ng5 g6 22.
Nxf7+ Kg7 23. Nd6 Kh8 24. Nde8 Qc8 25. h5 Rb2 26. Qg4 Nb4 27. Be4 Bxf6 28. Nxf6
Qc7 29. hxg6 Qg7 30. Nh5 1-0

[Event "Olimpiade 2016 - Donne"]
[Site "Baku"]
[Date "12.09.2016"]
[Round "10.39"]
[Board "2"]
[White "Wickramasinghe, Dilhara Ishini"]
[Black "Thorsteinsdottir, Gudlaug"]
[Result "1-0"]
[WhiteTitle "WFM"]
[BlackTitle "WFM"]
[WhiteElo "1750"]
[BlackElo "2046"]
[WhiteTeam "Sri Lanka"]
[BlackTeam "Iceland"]
[WhiteFideId "9906738"]
[BlackFideId "2300753"]
[EventDate "2016.09.02"]

1. d4 d5 2. c4 c6 3. Nc3 dxc4 4. a4 e5 5. dxe5 Qxd1+ 6. Kxd1 Be6 7. f4 Na6 8.
Nf3 O-O-O+ 9. Bd2 Nc5 10. Ke1 Nb3 11. Rd1 h6 12. e4 g6 13. Be3 Bc5 14. Rxd8+
Kxd8 15. Bxc5 Nxc5 16. Nd4 Ne7 17. Nxe6+ Nxe6 18. g3 a6 19. Bxc4 b5 20. axb5
axb5 21. Bxe6 fxe6 22. Ke2 Kc7 23. Rd1 Nc8 24. Ke3 Re8 25. b3 Nb6 26. Rc1 Kb7
27. Ne2 Nd7 28. Nd4 Nb8 29. Nf3 Nd7 30. Nh4 g5 31. Nf3 g4 32. Nd4 Nb8 33. Rh1
Kb6 34. h3 c5 35. Nc2 gxh3 36. Rxh3 Rh8 37. f5 Nc6 38. Kf4 Nd4 39. Nxd4 cxd4 40.
b4 exf5 41. exf5 Kc6 42. Ke4 d3 43. Kxd3 Kd5 44. e6 Ke5 45. g4 Rd8+ 46. Ke2 Rh8
47. Re3+ Kf6 48. e7 Re8 49. Re6+ Kg7 50. Kf3 Kf7 51. Ke4 1-0

[Event "Olimpiade 2016 - Donne"]
[Site "Baku"]
[Date "12.09.2016"]
[Round "10.39"]
[Board "3"]
[White "Thorsteinsdottir, Hallgerdur"]
[Black "Mendis, Dasuni Hansika"]
[Result "1-0"]
[BlackTitle "WCM"]
[WhiteElo "2015"]
[BlackElo "1699"]
[WhiteTeam "Iceland"]
[BlackTeam "Sri Lanka"]
[WhiteFideId "2302454"]
[BlackFideId "9907696"]
[EventDate "2016.09.02"]

1. e4 e5 2. Nf3 Nc6 3. Bc4 Bc5 4. c3 Nf6 5. d3 O-O 6. Nbd2 a5 7. a4 d6 8. Bb3
Be6 9. O-O Qe8 10. Nh4 Ba7 11. Qf3 Bxb3 12. Nxb3 Qe6 13. Nf5 g6 14. Bh6 Rfb8 15.
Ne3 Ne8 16. Nd2 Ng7 17. Nd5 Ne8 18. Nc4 Ne7 19. Nxa5 Nxd5 20. exd5 Qe7 21. Nc4
f5 22. Be3 Nf6 23. Rfe1 Qf7 24. Bxa7 Rxa7 25. Ne3 f4 26. Ng4 Nxg4 27. Qxg4 Qxd5
28. d4 Rba8 29. dxe5 dxe5 30. Rad1 Qb3 31. Qg5 Rxa4 32. Rd8+ Rxd8 33. Qxd8+ Kg7
34. Qxc7+ Kg8 35. Qxe5 Qf7 36. f3 Ra2 37. Qd6 Qb3 38. Re8+ Kg7 39. Qf8# 1-0

[Event "Olimpiade 2016 - Donne"]
[Site "Baku"]
[Date "12.09.2016"]
[Round "10.39"]
[Board "4"]
[White "Saumy, Zainab"]
[Black "Hauksdottir, Hrund"]
[Result "0-1"]
[WhiteElo "1688"]
[BlackElo "1793"]
[WhiteTeam "Sri Lanka"]
[BlackTeam "Iceland"]
[WhiteFideId "9911316"]
[BlackFideId "2302608"]
[EventDate "2016.09.02"]

1. e4 e5 2. Nf3 Nc6 3. Bb5 Nge7 4. Nc3 d6 5. h3 Bd7 6. d4 Ng6 7. O-O Be7 8. d5
Nb8 9. Bxd7+ Nxd7 10. Ne1 Bg5 11. Nd3 Bxc1 12. Rxc1 Nf4 13. Ne2 g5 14. Ng3 h5
15. f3 Qf6 16. c4 O-O-O 17. b4 g4 18. fxg4 hxg4 19. Nf5 gxh3 20. Nxf4 exf4 21.
Rxf4 hxg2 22. Kxg2 Rdg8+ 23. Kf2 Qb2+ 24. Ke3 Rh3+ 25. Rf3 Qa3+ 26. Kf2 Qxa2+
27. Ke3 Qa3+ 28. Kf2 Rh2+ 29. Kf1 Qb2 30. Rc2 Rxc2 31. Ne7+ Kd8 32. Nxg8 Rc1 33.
Qxc1 Qxc1+ 34. Kf2 Ne5 35. Kg2 Nxf3 0-1

[Event "Olimpiade 2016 - Donne"]
[Site "Baku"]
[Date "12.09.2016"]
[Round "10.40"]
[Board "1"]
[White "Alattar, Ghayda M."]
[Black "Dimitrijevic, Aleksandra"]
[Result "0-1"]
[WhiteTitle "WFM"]
[BlackTitle "WGM"]
[WhiteElo "1964"]
[BlackElo "2254"]
[WhiteTeam "Jordan"]
[BlackTeam "Bosnia & Herzegovina"]
[WhiteFideId "8101531"]
[BlackFideId "929239"]
[EventDate "2016.09.02"]

1. d4 d6 2. e4 Nf6 3. Nc3 e5 4. dxe5 dxe5 5. Bd3 Nc6 6. a3 a6 7. h3 h6 8. Nf3
Bc5 9. O-O g5 10. b4 Bd6 11. Nh2 Be6 12. Be3 Ne7 13. Qf3 Ng6 14. Rfd1 Nh4 15.
Qe2 Rg8 16. f3 Nh5 17. g4 Nf4 18. Bxf4 gxf4 19. Bc4 h5 20. Bxe6 fxe6 21. Qc4 Qe7
22. Rd3 Ng6 23. Ne2 Nh4 24. Rad1 O-O-O 25. Qa2 hxg4 26. hxg4 Rh8 27. c4 b6 28.
R1d2 Ng2 29. Kxg2 Qh4 30. Nf1 Qh1+ 31. Kf2 Qh4+ 32. Kg1 Qh1+ 33. Kf2 Be7 34.
Rxd8+ Rxd8 35. Rxd8+ Bxd8 36. Ke1 Bh4+ 37. Kd2 Qxf1 38. Qb3 Be1+ 0-1

[Event "Olimpiade 2016 - Donne"]
[Site "Baku"]
[Date "12.09.2016"]
[Round "10.40"]
[Board "2"]
[White "Boric, Elena"]
[Black "Boshra, Alshaeby"]
[Result "1-0"]
[WhiteTitle "WIM"]
[BlackTitle "WFM"]
[WhiteElo "2216"]
[BlackElo "1983"]
[WhiteTeam "Bosnia & Herzegovina"]
[BlackTeam "Jordan"]
[WhiteFideId "14400839"]
[BlackFideId "8102937"]
[EventDate "2016.09.02"]

1. e4 g6 2. Nf3 Bg7 3. d4 d6 4. Be2 Nf6 5. Nc3 O-O 6. O-O Na6 7. Bg5 h6 8. Bh4
g5 9. Bg3 Nh5 10. a3 Nxg3 11. hxg3 c5 12. d5 Nc7 13. Qd2 b5 14. Rab1 b4 15. axb4
cxb4 16. Nd1 a5 17. Ne3 Na6 18. Nd4 Nc5 19. Bf3 Qb6 20. Ndf5 Ra7 21. Nxg7 Kxg7
22. b3 f6 23. Rfe1 Rh8 24. Qd1 h5 25. Nc4 Qb5 26. Bxh5 a4 27. Be2 Qe8 28. bxa4
Nxe4 29. Rxb4 Rh1+ 30. Kxh1 Nxf2+ 31. Kg1 Nxd1 32. Bxd1 Qd7 33. Nb6 Qc7 34. Kh2
Bf5 35. c4 Ra6 36. g4 Bg6 37. a5 Rxa5 38. Ba4 Bf7 39. Bc6 Ra2 40. Rb3 Qa7 41.
Ree3 Qa5 42. Rxe7 Qd2 43. Rg3 Qd4 44. Be8 Kf8 45. Rge3 Qf4+ 46. Kh3 Ra1 47. Nd7+
Kg7 48. Rxf7+ Kh8 49. Rf8+ 1-0

[Event "Olimpiade 2016 - Donne"]
[Site "Baku"]
[Date "12.09.2016"]
[Round "10.40"]
[Board "3"]
[White "Fuad Kamel Jamaliah, Natalie"]
[Black "Dengler, Dijana"]
[Result "0-1"]
[WhiteTitle "WIM"]
[BlackTitle "WFM"]
[WhiteElo "2064"]
[BlackElo "2047"]
[WhiteTeam "Jordan"]
[BlackTeam "Bosnia & Herzegovina"]
[WhiteFideId "724190"]
[BlackFideId "14400081"]
[EventDate "2016.09.02"]

1. d4 Nf6 2. Bf4 d6 3. e3 g6 4. h3 Bg7 5. Nf3 O-O 6. Be2 Nbd7 7. O-O c6 8. c4
Re8 9. Nc3 Nf8 10. Bh2 N6d7 11. Qc2 e5 12. Rfd1 f5 13. b4 e4 14. Nd2 Qf6 15.
Rab1 g5 16. b5 Qg6 17. bxc6 bxc6 18. Qa4 Nb8 19. c5 f4 20. cxd6 Bf5 21. Nc4 Nbd7
22. Rb7 c5 23. Nd5 Nb6 24. Ncxb6 axb6 25. Ne7+ Rxe7 26. Qxa8 Rxb7 27. Qxb7 cxd4
28. Bc4+ Kh8 29. exf4 g4 30. h4 Qxd6 31. Qf7 Be6 32. Bxe6 Qxe6 33. Qxe6 Nxe6 34.
f5 Nc5 35. Bc7 b5 36. Bb6 Nd3 37. Kf1 Nb2 38. Rb1 d3 39. Be3 b4 40. Bd2 Bc3 41.
Ke1 Nc4 42. Bxc3+ bxc3 43. Rb8+ Kg7 44. Rc8 d2+ 45. Ke2 c2 0-1

[Event "Olimpiade 2016 - Donne"]
[Site "Baku"]
[Date "12.09.2016"]
[Round "10.40"]
[Board "4"]
[White "Jacimovic, Sara"]
[Black "Razan, Alshaeby"]
[Result "1-0"]
[WhiteTitle "WFM"]
[WhiteElo "1992"]
[BlackElo "1896"]
[WhiteTeam "Bosnia & Herzegovina"]
[BlackTeam "Jordan"]
[WhiteFideId "14403668"]
[BlackFideId "8102953"]
[EventDate "2016.09.02"]

1. d4 d5 2. e3 c5 3. c3 e6 4. Bd3 Nf6 5. f4 Nbd7 6. Nd2 Bd6 7. Ne2 Ng4 8. Nf3 f6
9. h3 Nh6 10. e4 dxe4 11. Bxe4 Rb8 12. Qb3 Qe7 13. Bd2 b5 14. O-O O-O 15. Rae1
Kh8 16. Kh1 c4 17. Qd1 Nb6 18. Qb1 f5 19. Bc2 Nd5 20. b3 Qf7 21. Qd1 Qc7 22. Ne5
Ng8 23. b4 Ngf6 24. Ng3 Bb7 25. a4 a6 26. Qe2 Rbe8 27. Ra1 Ra8 28. Rfb1 Be7 29.
Ra2 Ne8 30. Rba1 Nd6 31. axb5 axb5 32. Rxa8 Bxa8 33. Qh5 Nf6 34. Qe2 Nde4 35.
Nf1 Qb7 36. Be1 g6 37. Ng3 Nxg3+ 38. Bxg3 Ne4 39. Bxe4 Qxe4 40. Qxe4 Bxe4 41.
Ra5 Ra8 42. Rxa8+ Bxa8 43. Be1 Kg7 44. Kg1 g5 45. Bd2 h6 46. Kf2 Be4 47. g3 gxf4
48. Bxf4 h5 49. h4 Bd6 50. Ke3 Bxe5 51. dxe5 Bc6 52. Kd4 Kf7 53. Kc5 Bd7 54. Kd6
Ke8 55. Kc7 Ke7 56. Bg5+ 1-0

[Event "Olimpiade 2016 - Donne"]
[Site "Baku"]
[Date "12.09.2016"]
[Round "10.41"]
[Board "1"]
[White "Lu, Rachel"]
[Black "Vazquez Maccarini, Danitza"]
[Result "0-1"]
[WhiteTitle "WCM"]
[BlackTitle "WIM"]
[WhiteElo "1671"]
[BlackElo "2142"]
[WhiteTeam "Hong Kong"]
[BlackTeam "Puerto Rico"]
[WhiteFideId "6002293"]
[BlackFideId "3101193"]
[EventDate "2016.09.02"]

1. e4 c5 2. Nf3 e6 3. d4 cxd4 4. Nxd4 a6 5. Bd3 Nf6 6. O-O Qc7 7. Qe2 d6 8. c4
Nbd7 9. Nc3 Be7 10. f4 b6 11. a3 Bb7 12. Bd2 O-O 13. b4 Rfd8 14. Rac1 Rac8 15.
Be3 Qb8 16. g4 Qa8 17. Bd2 g6 18. g5 Nh5 19. f5 exf5 20. Nxf5 Bf8 21. Nd5 Re8
22. Bc3 Bxd5 23. cxd5 b5 24. Nd4 Qa7 25. Qf2 Ne5 26. Be2 Bg7 27. Kh1 Nd3 28.
Bxd3 Rxc3 29. Rxc3 Bxd4 30. Qc2 Bxc3 31. Qxc3 Qe3 32. Qc6 Rf8 33. Qc2 Nf4 0-1

[Event "Olimpiade 2016 - Donne"]
[Site "Baku"]
[Date "12.09.2016"]
[Round "10.41"]
[Board "2"]
[White "Morales Santos, Natasha"]
[Black "Kannappan, Sigappi"]
[Result "1/2-1/2"]
[WhiteTitle "WIM"]
[WhiteElo "1908"]
[BlackElo "1864"]
[WhiteTeam "Puerto Rico"]
[BlackTeam "Hong Kong"]
[WhiteFideId "3101703"]
[BlackFideId "6000711"]
[EventDate "2016.09.02"]

1. d4 Nf6 2. Nf3 g6 3. c4 Bg7 4. Nc3 d6 5. e4 O-O 6. h3 e5 7. d5 a5 8. Be3 Na6
9. g4 Nc5 10. Nd2 Ne8 11. g5 f5 12. gxf6 Bxf6 13. Nf3 Ng7 14. Qc2 Nh5 15. O-O-O
Bg7 16. Be2 Nf4 17. Bxf4 Rxf4 18. Rdg1 Qf6 19. Rg3 Bh6 20. Kb1 Nxe4 21. Nxe4
Rxe4 22. Bd3 Rf4 23. Bxg6 Rxf3 24. Bxh7+ Kf8 25. Rg6 Qh4 26. Rhg1 Rf7 27. Rg8+
Ke7 28. Bg6 Qxf2 29. Re8+ Kd7 30. Qa4+ c6 31. dxc6+ bxc6 32. Rd1 Rf6 33. Be4 d5
34. Rxe5 Rb8 35. Rexd5+ Kc7 36. Qxa5+ Qb6 37. Qxb6+ Rxb6 38. Rh5 Bg7 39. Rh7 Rf7
40. b3 Re7 41. Bd3 Bf6 42. Rh6 c5 43. h4 Rd6 44. Rf1 Bxh4 45. Rxh4 Rxd3 46. Rh5
Kb6 47. Rf6+ Re6 48. Rxe6+ Bxe6 49. Rh6 Rd6 50. Kb2 Ka5 51. Kc3 1/2-1/2

[Event "Olimpiade 2016 - Donne"]
[Site "Baku"]
[Date "12.09.2016"]
[Round "10.41"]
[Board "3"]
[White "Deng, Jing Xin Crystal"]
[Black "Comas Colon, Rinelly M."]
[Result "1-0"]
[BlackTitle "WFM"]
[WhiteElo "1625"]
[BlackElo "1773"]
[WhiteTeam "Hong Kong"]
[BlackTeam "Puerto Rico"]
[WhiteFideId "6002439"]
[BlackFideId "3101576"]
[EventDate "2016.09.02"]

1. d4 g6 2. c4 Bg7 3. Nc3 c5 4. d5 d6 5. e4 Nf6 6. Nf3 O-O 7. Bd3 e6 8. O-O exd5
9. exd5 Re8 10. Bf4 a6 11. h3 Qc7 12. Qd2 Nbd7 13. Rfe1 Rxe1+ 14. Rxe1 Nb6 15.
Ng5 Bd7 16. Re7 Rf8 17. Bh2 Nc8 18. Re2 Re8 19. Qe1 b5 20. Nce4 Nxe4 21. Nxe4
Kf8 22. Ng5 Rxe2 23. Qxe2 h6 24. Ne4 Qb6 25. b3 bxc4 26. Bxc4 Bb5 27. Nd2 Ne7
28. a4 Bd7 29. Bxa6 Nxd5 30. Ne4 Qxb3 31. Bxd6+ Kg8 32. Nxc5 Qb1+ 33. Kh2 Qb6
34. Be7 Nxe7 35. Qxe7 Bxa4 36. Bc4 Qb8+ 37. g3 Be8 38. Na6 Bf8 39. Qxf8+ Kxf8
40. Nxb8 Ke7 41. Na6 Kd6 42. Be2 g5 43. g4 Ke5 44. Nc5 Kd4 45. Nd3 Bd7 46. Ne1
f5 47. Nf3+ Ke4 48. Kg3 fxg4 49. hxg4 Bc8 50. Bd1 Kd5 51. Bc2 Kd6 52. Nd4 Ke5
53. Nf5 h5 54. gxh5 Bxf5 55. Bxf5 Kxf5 56. f3 Ke5 57. Kg4 Kf6 58. h6 Kg6 59. h7
Kxh7 60. Kxg5 Kg7 61. Kf5 1-0

[Event "Olimpiade 2016 - Donne"]
[Site "Baku"]
[Date "12.09.2016"]
[Round "10.41"]
[Board "4"]
[White "Vega Jimenez, Keyshla M."]
[Black "Lee, Lok Yi"]
[Result "1-0"]
[WhiteTitle "WCM"]
[WhiteElo "1641"]
[BlackElo "1497"]
[WhiteTeam "Puerto Rico"]
[BlackTeam "Hong Kong"]
[WhiteFideId "3101851"]
[BlackFideId "6002897"]
[EventDate "2016.09.02"]

1. e4 c6 2. d4 d5 3. e5 Bf5 4. Nf3 e6 5. Bd3 Ne7 6. O-O Nd7 7. c3 Qb6 8. Bxf5
Nxf5 9. Nbd2 Be7 10. Qb3 Qc7 11. Re1 c5 12. Nf1 Qb6 13. Ne3 Nh4 14. Nxh4 Qxb3
15. axb3 Bxh4 16. Bd2 cxd4 17. cxd4 Be7 18. Rec1 Bd8 19. Ba5 Bxa5 20. Rxa5 O-O
21. Rc7 Rac8 22. Rxd7 b6 23. Ra1 a5 24. Rd6 Rb8 25. Rc1 b5 26. Ra6 a4 27. bxa4
bxa4 28. Rxa4 Rxb2 29. Rca1 f6 30. Ra8 fxe5 31. Rxf8+ Kxf8 32. dxe5 d4 33. Nc4
Rc2 34. Nd6 d3 35. Kf1 Re2 36. Re1 Ra2 37. Rd1 Re2 38. Rxd3 Rxe5 39. Rf3+ Ke7
40. Rd3 Ra5 41. Ne4 Ra4 42. Re3 h6 43. Nc5 Ra2 44. Nxe6 Kf6 45. Nf4 g5 46. Nh5+
Kg6 47. g4 Rd2 48. Re6+ Kh7 49. Re7+ Kg8 50. Nf6+ Kf8 51. Rh7 h5 52. Rxh5 Rd6
53. Ne4 Rd4 54. f3 Rd5 55. Rxg5 1-0

[Event "Olimpiade 2016 - Donne"]
[Site "Baku"]
[Date "12.09.2016"]
[Round "10.42"]
[Board "1"]
[White "Mendieta, Kathya"]
[Black "Diaz Cesar, Wilsaida Pieranlly"]
[Result "1-0"]
[WhiteTitle "WFM"]
[BlackTitle "WFM"]
[WhiteElo "1943"]
[BlackElo "1889"]
[WhiteTeam "Nicaragua"]
[BlackTeam "Dominican Republic"]
[WhiteFideId "6101496"]
[BlackFideId "6403557"]
[EventDate "2016.09.02"]

1. e4 c5 2. Nc3 a6 3. f4 b5 4. Nf3 Bb7 5. d3 e6 6. g3 d5 7. exd5 exd5 8. Qe2+
Be7 9. Bg2 Nf6 10. O-O d4 11. Ne4 Nxe4 12. dxe4 Nc6 13. f5 Qb6 14. Kh1 f6 15.
Bf4 O-O 16. Nh4 Qd8 17. Qh5 Qe8 18. Ng6 Ne5 19. Bxe5 fxe5 20. Nxe7+ Qxe7 21. g4
h6 22. Qh3 c4 23. Qg3 Rad8 24. Rad1 Rd6 25. h4 Rfd8 26. g5 hxg5 27. hxg5 d3 28.
f6 Qe6 29. f7+ Kf8 30. Qh4 Qc8 31. Qh8+ Ke7 32. f8=Q+ Rxf8 33. Qxg7+ Ke6 34.
Bh3+ 1-0

[Event "Olimpiade 2016 - Donne"]
[Site "Baku"]
[Date "12.09.2016"]
[Round "10.42"]
[Board "2"]
[White "Jose Polanco, Kenia"]
[Black "Granados Diaz, Maria Esther"]
[Result "0-1"]
[WhiteTitle "WCM"]
[BlackTitle "WIM"]
[WhiteElo "1923"]
[BlackElo "1831"]
[WhiteTeam "Dominican Republic"]
[BlackTeam "Nicaragua"]
[WhiteFideId "6401074"]
[BlackFideId "6101488"]
[EventDate "2016.09.02"]

1. d4 Nf6 2. Nf3 g6 3. e3 Bg7 4. Be2 c5 5. dxc5 Qa5+ 6. Nbd2 Qxc5 7. a3 d6 8. c4
a5 9. Nd4 a4 10. b4 Qg5 11. Bf3 O-O 12. O-O e5 13. Nb5 e4 14. Bxe4 Qe5 15. Nc3
Qxc3 16. Rb1 Nxe4 17. Nxe4 Qxc4 18. Nxd6 Qc6 19. b5 Qd7 20. Nxc8 Rxc8 21. Bb2
Rc5 22. Bxg7 Kxg7 23. Qe2 Ra5 24. Rfd1 Qe8 25. Qb2+ Qe5 26. Qxe5+ Rxe5 27. Rd8
Rexb5 28. Rc1 Nc6 29. Rd7 Rb3 30. g3 Rab5 0-1

[Event "Olimpiade 2016 - Donne"]
[Site "Baku"]
[Date "12.09.2016"]
[Round "10.42"]
[Board "3"]
[White "Moraga, Maria"]
[Black "Almanzar Vasquez, Jennifer Maria"]
[Result "1-0"]
[WhiteElo "1732"]
[BlackElo "1768"]
[WhiteTeam "Nicaragua"]
[BlackTeam "Dominican Republic"]
[WhiteFideId "6102115"]
[BlackFideId "6406505"]
[EventDate "2016.09.02"]

1. e4 d5 2. exd5 Qxd5 3. Nc3 Qd6 4. d4 c6 5. Bc4 Nf6 6. Bg5 Bf5 7. Qd2 Nbd7 8.
Nf3 h6 9. Bh4 e6 10. a3 Qc7 11. O-O Bd6 12. Rae1 O-O 13. Bg3 Rfd8 14. Qe2 a6 15.
Nh4 Bh7 16. Nf3 Bxg3 17. fxg3 c5 18. d5 exd5 19. Nxd5 Nxd5 20. Bxd5 Nf6 21. Bb3
Re8 22. Qc4 b5 23. Qc3 c4 24. Ba2 Qc5+ 25. Qd4 Qxd4+ 26. Nxd4 Rad8 27. Rxe8+
Rxe8 28. h3 Rd8 29. c3 Bd3 30. Re1 Re8 31. Rxe8+ Nxe8 32. b3 Nd6 33. bxc4 Nxc4
34. Bxc4 Bxc4 35. Kf2 Kf8 36. Ke3 Bd5 37. Nf3 Ke7 38. Kd4 Kd6 39. Nh4 g6 40. Nf3
g5 41. h4 Bxf3 42. gxf3 gxh4 43. gxh4 a5 44. h5 b4 45. cxb4 axb4 46. axb4 f6 47.
f4 Kc6 48. f5 Kb5 49. Kd5 Kxb4 50. Ke6 Kc5 51. Kxf6 Kd6 52. Kg7 Ke5 53. f6 1-0

[Event "Olimpiade 2016 - Donne"]
[Site "Baku"]
[Date "12.09.2016"]
[Round "10.42"]
[Board "4"]
[White "Villar Acevedo, Darlin Rocio"]
[Black "Leon Sandoval, Johan"]
[Result "1-0"]
[WhiteElo "1781"]
[BlackElo "1703"]
[WhiteTeam "Dominican Republic"]
[BlackTeam "Nicaragua"]
[WhiteFideId "6405053"]
[BlackFideId "6102387"]
[EventDate "2016.09.02"]

1. d4 g6 2. c4 d6 3. Nc3 Bg7 4. e4 Nf6 5. f3 c6 6. Be3 a6 7. Bd3 b5 8. Qd2 O-O
9. Nge2 Bb7 10. O-O Nbd7 11. Rfc1 bxc4 12. Bxc4 Nb6 13. Bb3 Nfd7 14. f4 d5 15.
e5 e6 16. Nd1 Rc8 17. Nf2 Qe7 18. Nd3 Rc7 19. a4 Rfc8 20. a5 Na8 21. Nc5 Nxc5
22. Rxc5 Rb8 23. Ba4 Bf8 24. Qd3 Qe8 25. Rc2 Bb4 26. Bd2 Bxd2 27. Qxd2 Bc8 28.
Nc1 Bd7 29. Nd3 Qc8 30. Nc5 Be8 31. Ra3 Ra7 32. Rcc3 Nc7 33. Rcb3 Nb5 34. Bxb5
cxb5 35. Rh3 Bc6 36. f5 exf5 37. Rxh7 Kf8 38. Rh8+ 1-0

[Event "Olimpiade 2016 - Donne"]
[Site "Baku"]
[Date "12.09.2016"]
[Round "10.43"]
[Board "1"]
[White "Steil-Antoni, Fiona"]
[Black "Soondarsingh, Aditi"]
[Result "1-0"]
[WhiteTitle "WIM"]
[BlackTitle "WCM"]
[WhiteElo "2159"]
[BlackElo "1736"]
[WhiteTeam "Luxembourg"]
[BlackTeam "Trinidad & Tobago"]
[WhiteFideId "4001249"]
[BlackFideId "7700598"]
[EventDate "2016.09.02"]

1. e4 d6 2. d4 Nf6 3. Bd3 e5 4. c3 Nbd7 5. f4 Be7 6. Nf3 exf4 7. Bxf4 h6 8. O-O
g5 9. Bd2 Nf8 10. e5 dxe5 11. Nxe5 Be6 12. Na3 c6 13. Nac4 Qc7 14. b4 N8d7 15.
Qe2 Nxe5 16. Nxe5 Nd7 17. Ng6 Rg8 18. Nxe7 Kxe7 19. Rae1 Rae8 20. Rxf7+ Kxf7 21.
Qh5+ Ke7 22. Qxh6 Kd8 23. Rxe6 Ref8 24. Bxg5+ Kc8 25. Be7 Rh8 26. Bxf8 Rxf8 27.
Rd6 Qd8 28. Re6 Kb8 29. Qe3 Nf6 30. c4 Ka8 31. h3 a6 32. a4 Nh5 33. Bg6 Nf6 34.
a5 Qc8 35. Qe5 Nd7 36. Qd6 Qd8 37. Re7 Nf6 38. Qxd8+ Rxd8 39. Re6 1-0

[Event "Olimpiade 2016 - Donne"]
[Site "Baku"]
[Date "12.09.2016"]
[Round "10.43"]
[Board "2"]
[White "Smith, Javanna"]
[Black "Bakalarz, Grazyna"]
[Result "0-1"]
[WhiteTitle "WFM"]
[BlackTitle "WFM"]
[WhiteElo "1759"]
[BlackElo "1953"]
[WhiteTeam "Trinidad & Tobago"]
[BlackTeam "Luxembourg"]
[WhiteFideId "7700466"]
[BlackFideId "4000730"]
[EventDate "2016.09.02"]

1. e4 e5 2. Nf3 Nf6 3. Nxe5 d6 4. Nf3 Nxe4 5. Nc3 Nf6 6. d4 Be7 7. Be3 O-O 8.
Qd2 d5 9. O-O-O Nc6 10. h4 Bg4 11. Bd3 Re8 12. Rdg1 Bf8 13. Ng5 Nb4 14. Bf1 Qe7
15. h5 h6 16. Nf3 Bf5 17. g4 Nxg4 18. Bxh6 gxh6 19. Ne5 Kh8 20. Nxg4 Qe1+ 21.
Qxe1 Rxe1+ 22. Kd2 Rxf1 23. Rxf1 Bxg4 24. a3 Nc6 25. Rh4 Be6 26. Ne2 Be7 27.
Rhh1 Rg8 28. c3 Na5 29. Rhg1 Nc4+ 30. Kc1 c5 31. Rxg8+ Kxg8 32. Rg1+ Kf8 33. f4
Ne3 34. Kd2 Nf5 35. Kd3 c4+ 36. Kd2 a5 37. Ke1 Bd6 38. Kf2 Ng7 39. Kf3 Bf5 40.
Ng3 Bd3 41. Kg4 f5+ 42. Kf3 Ne6 0-1

[Event "Olimpiade 2016 - Donne"]
[Site "Baku"]
[Date "12.09.2016"]
[Round "10.43"]
[Board "4"]
[White "Johnson, Gabriella"]
[Black "Blond Hanten, Elsa"]
[Result "1/2-1/2"]
[WhiteTitle "WCM"]
[WhiteElo "1794"]
[BlackElo "1745"]
[WhiteTeam "Trinidad & Tobago"]
[BlackTeam "Luxembourg"]
[WhiteFideId "7701128"]
[BlackFideId "4001516"]
[EventDate "2016.09.02"]

1. e4 e5 2. Nf3 Nc6 3. Bc4 Bc5 4. c3 Nf6 5. d3 O-O 6. Bb3 d5 7. Nbd2 dxe4 8.
dxe4 Nh5 9. O-O Nf4 10. Nc4 Qf6 11. Bxf4 Qxf4 12. Qd5 Bb6 13. Nxb6 axb6 14. Rfe1
Rd8 15. Qc4 Bg4 16. Re3 Na5 17. Qf1 Nxb3 18. axb3 Rxa1 19. Qxa1 h6 20. Qb1 Bxf3
21. gxf3 Rd6 22. Qf1 Qg5+ 23. Kh1 Rd2 24. Re2 Rd3 25. Qg1 Qf4 26. Qg4 Qxf3+ 27.
Qxf3 Rxf3 28. Rd2 Kf8 29. Kg2 Rf6 30. Rd7 Rc6 31. Rd5 Rc5 32. Rd8+ Ke7 33. Rb8
Ra5 34. Rxb7 Kd7 35. Rb8 Ra2 36. Rg8 g6 37. Rf8 Ke7 38. Rc8 Kd7 39. Rf8 Ke7 40.
Rc8 Kd7 41. Rf8 1/2-1/2

[Event "Olimpiade 2016 - Donne"]
[Site "Baku"]
[Date "12.09.2016"]
[Round "10.44"]
[Board "1"]
[White "Lagutina, Olga"]
[Black "Milligan, Helen"]
[Result "0-1"]
[BlackTitle "CM"]
[WhiteElo "1910"]
[BlackElo "2040"]
[WhiteTeam "ICCD"]
[BlackTeam "New Zealand"]
[WhiteFideId "14122294"]
[BlackFideId "2401312"]
[EventDate "2016.09.02"]

1. Nf3 Nf6 2. d4 g6 3. g3 Bg7 4. Bg2 d6 5. O-O O-O 6. c4 Nbd7 7. Bf4 c6 8. Nc3
Nh5 9. Bg5 h6 10. Be3 Qc7 11. Qd2 Kh7 12. b4 e5 13. Rac1 f5 14. dxe5 dxe5 15.
Rfd1 e4 16. Nd4 Ne5 17. Na4 Qf7 18. Qc2 b6 19. f4 exf3 20. Nxf3 Ng4 21. Bd4 f4
22. Qc3 fxg3 23. h3 Nf2 24. Re1 Bxh3 25. Bxg7 Qxg7 26. Qxg7+ Kxg7 27. Nc3 Rae8
28. e3 Bxg2 29. Kxg2 Nd3 30. Rcd1 Nxe1+ 31. Rxe1 Re7 32. b5 cxb5 33. cxb5 Rc7
34. Ne2 Rc2 35. Nd4 Rf2+ 36. Kh3 Rxa2 37. e4 Rfxe2 38. Nxe2 Rxe2 0-1